[Event "Oberliga NRW 9798 I"]
[Site "Germany"]
[Date "1997.??.??"]
[Round "3.6"]
[White "Babar, Michael"]
[Black "Wunsch, Axel"]
[Result "1/2-1/2"]
[WhiteElo "2180"]
[BlackElo "2115"]
[PlyCount "128"]
[EventDate "1997.10.??"]
[EventType "team"]
[EventRounds "9"]
[EventCountry "GER"]
[SourceTitle "EXT 1999"]
[Source "ChessBase"]
[SourceDate "1998.11.16"]
[SourceVersion "1"]
[SourceVersionDate "1998.11.16"]
[SourceQuality "1"]
[WhiteTeam "Muenster II"]
[BlackTeam "Elberfeld"]
[WhiteTeamCountry "GER"]
[BlackTeamCountry "GER"]

1. d4 d6 2. Nf3 Nf6 3. Nc3 g6 4. e4 Bg7 5. Bg5 c6 6. Qd2 Bg4 7. Be2 Nbd7 8. 0-0 0-0 9. a4 a5 10. Rad1 Qc7 11. Bh6 Rfd8 12. Bxg7 Kxg7 13. h3 Bxf3 14. Bxf3 e5 15. Be2 Qb6 16. b3 Nf8 17. d5 Rac8 18. Bc4 Qc5 19. Rfe1 h6 20. Re3 N8h7 21. Kh1 Ng5 22. f3 Nh5 23. h4 Nh7 24. dxc6 bxc6 25. Kh2 N7f6 26. Ne2 d5 27. Rd3 Qf2 28. exd5 cxd5 29. Ba6 Rc5 30. c4 d4 31. Qe1 Qxe1 32. Rxe1 Rd6 33. Bb5 Ng8 34. g4 Nhf6 35. Ng3 Ne7 36. g5 hxg5 37. hxg5 Nh5 38. Ne4 Rdc6 39. Bxc6 Rxc6 40. Ng3 Nf4 41. Rdd1 Re6 42. Ne4 Nf5 43. Nf6 Ne3 44. Rxe3 dxe3 45. Rd8 Rxf6 46. gxf6+ Kxf6 47. Kg1 e4 48. fxe4 Ke5 49. c5 Kxe4 50. Kf1 Kf3 51. Re8 e2+ 52. Ke1 Nd3+ 53. Kd2 Nxc5 54. Re3+ Kf4 55. Kxe2 f5 56. Rc3 Ne4 57. Rc4 Ke5 58. Rc6 Kd4 59. Rxg6 Kc3 60. Rb6 Nc5 61. b4 axb4 62. a5 b3 63. a6 Nxa6 64. Rxa6 b2 1/2-1/2